Entry Personal Name
Number of records used in: 1
001 - CONTROL NUMBER
003 - CONTROL NUMBER IDENTIFIER
005 - DATE AND TIME OF LATEST TRANSACTION
- control field:
20231018133242.0
008 - FIXED-LENGTH DATA ELEMENTS
- fixed length control field:
970811n| azannaabn |b aaa c
010 ## - LIBRARY OF CONGRESS CONTROL NUMBER
- LC control number:
nr 97028225
035 ## - SYSTEM CONTROL NUMBER
- System control number:
(OCoLC)oca04411214
040 ## - CATALOGING SOURCE
- Original cataloging agency:
NjP
- Language of cataloging:
eng
- Description conventions:
rda
- Transcribing agency:
NjP
- Modifying agency:
OCoLC
- Modifying agency:
NjP
- Modifying agency:
NIC
100 1# - HEADING--PERSONAL NAME
- Personal name:
ʻArīfī, Muḥammad ibn ʻAbd al-Raḥmān
372 ## - FIELD OF ACTIVITY
- Field of activity:
Religion
- Source of term:
lcsh
373 ## - ASSOCIATED GROUP
- Associated group:
Jāmiʻat al-Malik Saʻūd
- Source of term:
naf
374 ## - OCCUPATION
- Occupation:
College teachers
- Source of term:
lcsh
375 ## - GENDER
- Gender:
Males
- Source of term:
lcdgt
377 ## - ASSOCIATED LANGUAGE
400 1# - SEE FROM TRACING--PERSONAL NAME
- Personal name:
Al-ʻAreefi, Muhammad ibn ʻAbd al-Rahmaan
400 1# - SEE FROM TRACING--PERSONAL NAME
- Personal name:
ʻAreefi, Muhammad ibn ʻAbd al-Rahmaan Al-
400 1# - SEE FROM TRACING--PERSONAL NAME
- Personal name:
ʻUrayfī, Muḥammad ibn ʻAbd al-Raḥmān
400 1# - SEE FROM TRACING--PERSONAL NAME
- Personal name:
عريفي، محمد بن عبد الرحمن
400 1# - SEE FROM TRACING--PERSONAL NAME
- Personal name:
عريفي، محمد عبد الرحمن
670 ## - SOURCE DATA FOUND
- Source citation:
al-Mufīd fī taqrīb aḥkām al-adhān, 1995:
- Information found:
t.p. (Muḥammad ibn ʻAbd al-Raḥmān al-ʻArīfī)
670 ## - SOURCE DATA FOUND
- Source citation:
The end of the world, 2010:
- Information found:
t.p. (Dr. Muhammad ibn ʻAbd al-Rahmaan Al-ʻAreefi; member of the Supreme Council for Islamic Media; Prof. of ʻaqeedah and contemporary religions and madhhabs; King Saʻood University, Riyadh)